[Event "5. Torneo Puente Foral 2010 - Open A"]
[Site "Pamplona ESP"]
[Date "2010.12.03"]
[Round "1.1"]
[White "Sanchez Romero, Miguel Angel"]
[Black "Leranoz Zabalza, Adrian"]
[Result "1/2-1/2"]
[WhiteElo "2241"]
[BlackElo "2067"]
[PlyCount "43"]
[EventDate "2010.12.03"]
[EventType "swiss"]
[EventRounds "7"]
[EventCountry "ESP"]
[Source "lmi"]
[SourceDate "2010.12.03"]

1. e4 c5 2. Nf3 Nc6 3. Bb5 e6 4. Bxc6 bxc6 5. d3 d5 6. e5 Ne7 7. h4 Rb8 8. b3
Nf5 9. Nbd2 Be7 10. c4 Nxh4 11. Nxh4 Bxh4 12. Qg4 Qg5 13. Qxh4 Qxe5+ 14. Ne4
Qxa1 15. O-O dxe4 16. Bf4 Qxf1+ 17. Kxf1 Rb7 18. dxe4 Rd7 19. Qg3 f6 20. Bd6 e5
21. Bxc5 Kf7 22. Qc3 1/2-1/2

[Event "5. Torneo Puente Foral 2010 - Open A"]
[Site "Pamplona ESP"]
[Date "2010.12.03"]
[Round "1.2"]
[White "Prats Rodriguez, Juan Bosco"]
[Black "Rebole Arbea, Jose Ignacio"]
[Result "0-1"]
[WhiteElo "2057"]
[BlackElo "2211"]
[PlyCount "60"]
[EventDate "2010.12.03"]
[EventType "swiss"]
[EventRounds "7"]
[EventCountry "ESP"]
[Source "lmi"]
[SourceDate "2010.12.03"]

1. e4 c5 2. Nc3 Nc6 3. g3 g6 4. Bg2 Bg7 5. d3 d6 6. Be3 Nf6 7. h3 Nd4 8. Nge2
e5 9. O-O O-O 10. f4 Nxe2+ 11. Nxe2 exf4 12. Nxf4 Re8 13. Qd2 Rb8 14. Kh2 b6
15. Rf2 Bb7 16. Raf1 d5 17. Nxd5 Nxd5 18. exd5 Bxd5 19. Bg5 Qd7 20. Bxd5 Qxd5
21. Bf6 Bf8 22. Rf5 Qd6 23. c4 Re6 24. Rd5 Qc7 25. d4 cxd4 26. Rxd4 Rbe8 27.
Rf2 Bc5 28. Rd7 Qc6 29. Bc3 Bxf2 30. Qh6 Bxg3+ 0-1

[Event "5. Torneo Puente Foral 2010 - Open A"]
[Site "Pamplona ESP"]
[Date "2010.12.03"]
[Round "1.3"]
[White "Ugalde Ezcurra, Jose Miguel"]
[Black "Angeleri Rodrigo, Norberto"]
[Result "1/2-1/2"]
[WhiteElo "2184"]
[BlackElo "2047"]
[PlyCount "91"]
[EventDate "2010.12.03"]
[EventType "swiss"]
[EventRounds "7"]
[EventCountry "ESP"]
[Source "lmi"]
[SourceDate "2010.12.03"]

1. e4 e5 2. Nf3 Nc6 3. d4 exd4 4. Nxd4 Nf6 5. Nxc6 bxc6 6. e5 Qe7 7. Qe2 Nd5 8.
c4 Nb6 9. Nc3 Qe6 10. Qe4 Ba6 11. b3 Bb4 12. Bd2 Bxc3 13. Bxc3 d5 14. Qh4 dxc4
15. Rc1 O-O 16. Ba1 Rad8 17. bxc4 Qg6 18. g3 Rd7 19. Bh3 Rd3 20. O-O Bc8 21.
Bg2 Bf5 22. Rfd1 h6 23. Rxd3 Bxd3 24. Qd4 Bxc4 25. Be4 Qe6 26. f4 f6 27. a4 Bd5
28. a5 Nc8 29. Bxd5 cxd5 30. Rxc7 Rd8 31. Bc3 Kh7 32. Kg2 Kg8 33. h3 Ne7 34. g4
h5 35. Qc5 Nc8 36. Kf3 hxg4+ 37. hxg4 d4 38. Bxd4 Qb3+ 39. Be3 Qd1+ 40. Kf2 Qh1
41. Rxc8 Qh2+ 42. Ke1 Qh1+ 43. Bg1 Qe4+ 44. Be3 Qh1+ 45. Bg1 Qe4+ 46. Be3
1/2-1/2

[Event "5. Torneo Puente Foral 2010 - Open A"]
[Site "Pamplona ESP"]
[Date "2010.12.03"]
[Round "1.4"]
[White "Viñal Gutierrez, Pedro"]
[Black "Arnedo Ruiz, Alberto"]
[Result "1/2-1/2"]
[WhiteElo "2097"]
[BlackElo "1980"]
[PlyCount "104"]
[EventDate "2010.12.03"]
[EventType "swiss"]
[EventRounds "7"]
[EventCountry "ESP"]
[Source "lmi"]
[SourceDate "2010.12.03"]

1. e4 c6 2. d4 d5 3. exd5 cxd5 4. Bd3 Nc6 5. c3 g6 6. Bf4 Bg7 7. Nd2 Nh6 8.
Ngf3 f6 9. Bb5 O-O 10. Bxc6 bxc6 11. O-O Nf7 12. Nb3 e5 13. Be3 g5 14. dxe5
fxe5 15. Bc5 Re8 16. Nfd2 Bf5 17. Re1 Qd7 18. Qe2 Nd8 19. Rad1 Ne6 20. Qa6 Nf4
21. Nf1 Qc7 22. Ng3 Bc8 23. Qa4 Bd7 24. Qa6 h5 25. Ne2 h4 26. Nxf4 gxf4 27. Qe2
Qd8 28. c4 d4 29. Nd2 Qf6 30. Ne4 Qg6 31. f3 Re6 32. Kh1 Qh6 33. h3 Rg6 34. Nf2
Kh8 35. Ng4 Bxg4 36. fxg4 Kg8 37. Qf3 Bh8 38. Rd3 Qg7 39. b4 Rc8 40. a4 Qf7 41.
Rc1 Re6 42. Qe4 a6 43. g5 Qg6 44. Re1 Qxe4 45. Rxe4 Kf7 46. Kg1 Bf6 47. Bb6 Be7
48. c5 Bxg5 49. Kf2 Ke7 50. Kf3 Kd7 51. Re2 Re7 52. Ke4 Ke6 1/2-1/2

[Event "5. Torneo Puente Foral 2010 - Open A"]
[Site "Pamplona ESP"]
[Date "2010.12.03"]
[Round "1.5"]
[White "Urriza Iricibar, Pablo"]
[Black "Mombiela Martinez, Gonzalo"]
[Result "1/2-1/2"]
[WhiteElo "1948"]
[BlackElo "2091"]
[PlyCount "69"]
[EventDate "2010.12.03"]
[EventType "swiss"]
[EventRounds "7"]
[EventCountry "ESP"]
[Source "lmi"]
[SourceDate "2010.12.03"]

1. e4 d5 2. exd5 Nf6 3. Nc3 Nxd5 4. Bc4 c6 5. d4 g6 6. Bxd5 cxd5 7. Qf3 e6 8.
Bf4 Nc6 9. Nge2 Bg7 10. O-O a6 11. Qe3 O-O 12. Bh6 Bxh6 13. Qxh6 Qf6 14. Rad1
Bd7 15. Rd3 Qg7 16. Qh4 Rad8 17. f4 Bc8 18. Ng3 f5 19. Nge2 Qf6 20. Qxf6 Rxf6
21. Na4 Rf7 22. a3 Re7 23. Kf2 Kf7 24. Rh3 Kg7 25. Re1 Na5 26. b3 Rde8 27. Ng1
Nc6 28. Rd3 Kf6 29. Nf3 h6 30. h4 Rg8 31. Nb6 Bd7 32. Rde3 Rge8 33. Ne5 Nxe5
34. Rxe5 Bc6 35. Kf3 1/2-1/2

[Event "5. Torneo Puente Foral 2010 - Open A"]
[Site "Pamplona ESP"]
[Date "2010.12.03"]
[Round "1.6"]
[White "De Pablos Fernandez, Mariano"]
[Black "Jimenez Almeida, Luis David"]
[Result "0-1"]
[WhiteElo "2085"]
[BlackElo "1933"]
[PlyCount "66"]
[EventDate "2010.12.03"]
[EventType "swiss"]
[EventRounds "7"]
[EventCountry "ESP"]
[Source "lmi"]
[SourceDate "2010.12.03"]

1. d4 c5 2. e3 e6 3. Nf3 Nf6 4. Bd3 d5 5. c3 Nbd7 6. O-O Bd6 7. Re1 Ne4 8. Nbd2
f5 9. h3 O-O 10. c4 b6 11. b3 cxd4 12. exd4 Bb7 13. Bb2 Rc8 14. Rc1 a5 15. Ne5
Nxe5 16. dxe5 Bc5 17. Rf1 Qh4 18. Bxe4 dxe4 19. b4 Bxb4 20. a3 Bc5 21. Nb3 Rcd8
22. Qe2 Rd3 23. Nxc5 bxc5 24. Rc3 Rfd8 25. Rxd3 Rxd3 26. Rd1 Qg5 27. g3 Rf3 28.
Rd7 e3 29. Rxb7 exf2+ 30. Qxf2 Rxf2 31. Kxf2 f4 32. gxf4 Qxf4+ 33. Kg1 Qg3+ 0-1

[Event "5. Torneo Puente Foral 2010 - Open A"]
[Site "Pamplona ESP"]
[Date "2010.12.04"]
[Round "2.1"]
[White "Rebole Arbea, Jose Ignacio"]
[Black "Cabrejos Tovar, Jose"]
[Result "0-1"]
[WhiteElo "2211"]
[BlackElo "2137"]
[PlyCount "76"]
[EventDate "2010.12.03"]
[EventType "swiss"]
[EventRounds "7"]
[EventCountry "ESP"]
[Source "lmi"]
[SourceDate "2010.12.03"]

1. g3 f5 2. Bg2 Nf6 3. d4 g6 4. Nf3 Bg7 5. c4 O-O 6. O-O d6 7. Nc3 c6 8. b3 Qa5
9. Bb2 e5 10. dxe5 dxe5 11. e4 Na6 12. Qe2 f4 13. a3 Nh5 14. b4 Qc7 15. Na4 Qe7
16. Bc3 Nc7 17. Qb2 Be6 18. Nxe5 Bxe5 19. Bxe5 f3 20. Bh1 Bxc4 21. Rfc1 Bb5 22.
Nc5 Rf7 23. Rd1 Na6 24. Bd6 Qe8 25. Rd4 Nxc5 26. bxc5 Qe6 27. Qa2 Re8 28. Qxe6
Rxe6 29. a4 Ba6 30. Ra3 Be2 31. h3 g5 32. Kh2 Rh6 33. g4 Nf6 34. Kg3 Bf1 35.
Kh2 Rxh3+ 36. Kg1 Nxg4 37. Bg3 Be2 38. e5 Rxg3+ 0-1

[Event "5. Torneo Puente Foral 2010 - Open A"]
[Site "Pamplona ESP"]
[Date "2010.12.04"]
[Round "2.2"]
[White "Jimenez Almeida, Luis David"]
[Black "Sanchez Romero, Miguel Angel"]
[Result "1-0"]
[WhiteElo "1933"]
[BlackElo "2241"]
[PlyCount "73"]
[EventDate "2010.12.03"]
[EventType "swiss"]
[EventRounds "7"]
[EventCountry "ESP"]
[Source "lmi"]
[SourceDate "2010.12.03"]

1. e4 Nf6 2. Nc3 e5 3. Bc4 Nc6 4. d3 Na5 5. Bb3 Bc5 6. Bg5 h6 7. Bh4 Nxb3 8.
axb3 d6 9. Na4 Qe7 10. Nxc5 dxc5 11. Ne2 b6 12. Nc3 g5 13. Bg3 h5 14. h4 g4 15.
Qd2 Rg8 16. O-O Bb7 17. Rfe1 a6 18. Nd1 O-O-O 19. Qc3 Nd7 20. Ne3 f6 21. Nf5
Qe6 22. b4 cxb4 23. Qxb4 Nc5 24. Qa3 Rde8 25. b4 Nd7 26. Rec1 Nb8 27. c4 Nc6
28. b5 axb5 29. cxb5 Ne7 30. Nd6+ Kd7 31. Nxe8 Kxe8 32. Rxc7 Bc8 33. Qa8 Kf7
34. Raa7 Re8 35. Rc6 Bd7 36. Rxe6 Rxa8 37. Rxe7+ 1-0

[Event "5. Torneo Puente Foral 2010 - Open A"]
[Site "Pamplona ESP"]
[Date "2010.12.04"]
[Round "2.3"]
[White "Mombiela Martinez, Gonzalo"]
[Black "Mayans Calvo, Mariano"]
[Result "1-0"]
[WhiteElo "2091"]
[BlackElo "2225"]
[PlyCount "105"]
[EventDate "2010.12.03"]
[EventType "swiss"]
[EventRounds "7"]
[EventCountry "ESP"]
[Source "lmi"]
[SourceDate "2010.12.03"]

1. e4 e6 2. Nf3 d5 3. e5 c5 4. b4 d4 5. bxc5 Nc6 6. Bd3 f5 7. O-O Bxc5 8. Ba3
Qa5 9. Bxc5 Qxc5 10. Qe2 Nge7 11. c3 O-O 12. g3 Rd8 13. Bc4 b5 14. Bxb5 Rb8 15.
a4 Rd5 16. Re1 Bb7 17. Qc4 Nxe5 18. Nxe5 Rxe5 19. Rf1 Qd6 20. Qxd4 Rd5 21. Qb4
Qc7 22. d4 Ba8 23. Qc4 Qb7 24. Ba6 Qb6 25. Nd2 Rdd8 26. Rab1 Qd6 27. Rxb8 Rxb8
28. Re1 Rb6 29. Bc8 Bd5 30. Qc5 Qd8 31. c4 Be4 32. Nxe4 fxe4 33. a5 Rc6 34.
Bxe6+ Rxe6 35. d5 Re5 36. Qxa7 Nf5 37. Qb6 Qd7 38. Qb8+ Re8 39. Qf4 Nd4 40. Kg2
Qe7 41. a6 Nc2 42. Re2 Nb4 43. d6 Qa7 44. Rxe4 Rf8 45. Qd2 Nxa6 46. d7 Qa8 47.
f3 Nc5 48. Re3 Qd8 49. Qd5+ Kh8 50. Qxc5 Rg8 51. Qd5 Rf8 52. Qd6 Rg8 53. Qe6
1-0

[Event "5. Torneo Puente Foral 2010 - Open A"]
[Site "Pamplona ESP"]
[Date "2010.12.04"]
[Round "2.4"]
[White "Angeleri Rodrigo, Norberto"]
[Black "Saenz Narciso, Miguel Angel"]
[Result "0-1"]
[WhiteElo "2047"]
[BlackElo "2175"]
[PlyCount "108"]
[EventDate "2010.12.03"]
[EventType "swiss"]
[EventRounds "7"]
[EventCountry "ESP"]
[Source "lmi"]
[SourceDate "2010.12.03"]

1. c4 e5 2. Nc3 Nc6 3. Nf3 d6 4. g3 Be6 5. d3 Qd7 6. h3 h6 7. Bg2 Nge7 8. Bd2
g5 9. b4 Bg7 10. Qb3 Nd4 11. Nxd4 exd4 12. Nd5 Nxd5 13. cxd5 Bf5 14. Rc1 O-O
15. g4 Bg6 16. Bf3 Rae8 17. Kf1 f5 18. Kg2 Qf7 19. Qd1 Re7 20. Be1 Qf6 21. b5
Qe5 22. Qb3 fxg4 23. Bxg4 h5 24. Be6+ Bf7 25. Rc2 Bxe6 26. dxe6 Rf6 27. f3 h4
28. Bf2 Rfxe6 29. Rhc1 d5 30. Rc5 Rd6 31. Rxc7 Qxe2 32. Re1 Qxe1 33. Bxe1 Rxc7
34. Bd2 Bf6 35. f4 gxf4 36. Bxf4 Rg7+ 37. Kf3 Rdd7 38. Qc2 Rdf7 39. Qc8+ Rf8
40. Qe6+ Kh8 41. Bd6 Be7+ 42. Ke2 Rf6 43. Qc8+ Rg8 44. Qxb7 Bxd6 45. Qxd5 Re8+
46. Kd1 Rf1+ 47. Kc2 Rc8+ 48. Kd2 Bb4+ 49. Ke2 Re1+ 50. Kf3 Rf8+ 51. Kg4 Rg1+
52. Kh5 Be7 53. Qxd4+ Rg7 54. Qxa7 Rf5+ 0-1

[Event "5. Torneo Puente Foral 2010 - Open A"]
[Site "Pamplona ESP"]
[Date "2010.12.04"]
[Round "2.5"]
[White "Arnedo Ruiz, Alberto"]
[Black "De Pablos Fernandez, Mariano"]
[Result "1/2-1/2"]
[WhiteElo "1980"]
[BlackElo "2085"]
[PlyCount "93"]
[EventDate "2010.12.03"]
[EventType "swiss"]
[EventRounds "7"]
[EventCountry "ESP"]
[Source "lmi"]
[SourceDate "2010.12.03"]

1. e4 e5 2. Nc3 Nc6 3. Bc4 Na5 4. d3 Nxc4 5. dxc4 Bc5 6. Qd3 d6 7. Be3 Bxe3 8.
Qxe3 Nf6 9. f3 O-O 10. Rd1 Qe7 11. Nge2 Be6 12. b3 Nh5 13. g4 Nf6 14. Ng3 Kh8
15. h4 Rfd8 16. Nd5 Nxd5 17. cxd5 Bd7 18. Rd2 c6 19. Nf5 Bxf5 20. gxf5 cxd5 21.
Rxd5 Rac8 22. Qd2 Rc5 23. c4 Rxd5 24. Qxd5 g6 25. fxg6 fxg6 26. Qd2 Rf8 27. Qf2
Rf4 28. Ke2 a6 29. Qg3 Qf6 30. Qh3 Kg7 31. h5 g5 32. Rg1 Kh6 33. Rg4 Qf7 34.
Rxf4 exf4 35. Kd3 Qe7 36. Qg4 b5 37. cxb5 axb5 38. Qh3 Qe5 39. Qd7 b4 40. Ke2
Qb2+ 41. Kf1 Qe5 42. Kg2 Qb2+ 43. Kh3 Qf2 44. Qe6+ Kxh5 45. Qf7+ Kh6 46. Qf6+
Kh5 47. Qf7+ 1/2-1/2

[Event "5. Torneo Puente Foral 2010 - Open A"]
[Site "Pamplona ESP"]
[Date "2010.12.04"]
[Round "3.1"]
[White "Cabrejos Tovar, Jose"]
[Black "Jimenez Almeida, Luis David"]
[Result "1/2-1/2"]
[WhiteElo "2137"]
[BlackElo "1933"]
[PlyCount "28"]
[EventDate "2010.12.03"]
[EventType "swiss"]
[EventRounds "7"]
[EventCountry "ESP"]
[Source "lmi"]
[SourceDate "2010.12.03"]

1. f4 e5 2. fxe5 d6 3. exd6 Bxd6 4. Nf3 Nf6 5. Nc3 Ng4 6. e4 Bxh2 7. Ne2 Qd6 8.
Nxh2 Nxh2 9. d4 Nxf1 10. Rxf1 Bg4 11. c3 Nd7 12. Bf4 Qb6 13. Qb3 O-O-O 14. Qxb6
Nxb6 1/2-1/2

[Event "5. Torneo Puente Foral 2010 - Open A"]
[Site "Pamplona ESP"]
[Date "2010.12.04"]
[Round "3.2"]
[White "Saenz Narciso, Miguel Angel"]
[Black "Mombiela Martinez, Gonzalo"]
[Result "1-0"]
[WhiteElo "2175"]
[BlackElo "2091"]
[PlyCount "57"]
[EventDate "2010.12.03"]
[EventType "swiss"]
[EventRounds "7"]
[EventCountry "ESP"]
[Source "lmi"]
[SourceDate "2010.12.03"]

1. e4 d5 2. exd5 Nf6 3. Bb5+ Nbd7 4. Nf3 Nxd5 5. d4 c6 6. Be2 g6 7. c4 N5b6 8.
Nc3 Bg7 9. Bf4 O-O 10. Qd2 Nf6 11. Ne5 Be6 12. O-O-O Nfd7 13. b3 a5 14. Nxd7
Qxd7 15. Bh6 a4 16. Bxg7 Kxg7 17. d5 Nxd5 18. cxd5 cxd5 19. Qd4+ f6 20. Bb5 Qd6
21. Bxa4 Qa3+ 22. Kb1 Bf5+ 23. Ka1 Ra5 24. Nb5 e5 25. Qc3 Rxb5 26. Bxb5 Rc8 27.
Qb2 Qb4 28. Bd3 e4 29. Bb1 1-0

[Event "5. Torneo Puente Foral 2010 - Open A"]
[Site "Pamplona ESP"]
[Date "2010.12.04"]
[Round "3.3"]
[White "Rebole Arbea, Jose Ignacio"]
[Black "Urriza Iricibar, Pablo"]
[Result "1-0"]
[WhiteElo "2211"]
[BlackElo "1948"]
[PlyCount "83"]
[EventDate "2010.12.03"]
[EventType "swiss"]
[EventRounds "7"]
[EventCountry "ESP"]
[Source "lmi"]
[SourceDate "2010.12.03"]

1. g3 c5 2. Bg2 g6 3. c4 Bg7 4. Nc3 Nf6 5. e3 d6 6. Nge2 Nc6 7. O-O O-O 8. a3
Be6 9. d3 Qc8 10. Nf4 Rb8 11. Nxe6 Qxe6 12. Rb1 Qd7 13. b4 b6 14. Qb3 e6 15.
Bd2 Rfd8 16. Rfd1 d5 17. cxd5 exd5 18. bxc5 bxc5 19. Qa4 Qe6 20. Ne2 Ne5 21.
Rxb8 Rxb8 22. Nf4 Qe7 23. Bc3 g5 24. Ne2 Neg4 25. h3 d4 26. Be1 Nxe3 27. fxe3
Qxe3+ 28. Bf2 Qxe2 29. Re1 Qd2 30. Qxa7 Rb2 31. Rf1 Bf8 32. Qa6 Nh5 33. Be4 Kg7
34. Qc6 Nf6 35. Bf5 Qe2 36. a4 g4 37. h4 Nh5 38. Be4 Be7 39. Qd7 Nxg3 40. Bxg3
Qe3+ 41. Bf2 Rxf2 42. Qxg4+ 1-0

[Event "5. Torneo Puente Foral 2010 - Open A"]
[Site "Pamplona ESP"]
[Date "2010.12.04"]
[Round "3.4"]
[White "Arnedo Ruiz, Alberto"]
[Black "Ugalde Ezcurra, Jose Miguel"]
[Result "1/2-1/2"]
[WhiteElo "1980"]
[BlackElo "2184"]
[PlyCount "51"]
[EventDate "2010.12.03"]
[EventType "swiss"]
[EventRounds "7"]
[EventCountry "ESP"]
[Source "lmi"]
[SourceDate "2010.12.03"]

1. e4 e5 2. Nc3 Nf6 3. f4 d5 4. fxe5 Nxe4 5. Nf3 Bc5 6. Qe2 Bf2+ 7. Kd1 Nxc3+
8. dxc3 Bc5 9. Bf4 Nc6 10. Kd2 d4 11. c4 Bb4+ 12. Kc1 Bf5 13. a3 Be7 14. Qd2
Qd7 15. Bd3 Bxd3 16. cxd3 Nd8 17. b4 Ne6 18. Bg5 O-O 19. Kb2 a5 20. h4 b5 21.
c5 f6 22. exf6 Bxf6 23. Rhe1 Bxg5 24. Qxg5 axb4 25. axb4 Qf7 26. Rxa8 1/2-1/2

[Event "5. Torneo Puente Foral 2010 - Open A"]
[Site "Pamplona ESP"]
[Date "2010.12.04"]
[Round "3.5"]
[White "Prats Rodriguez, Juan Bosco"]
[Black "Viñal Gutierrez, Pedro"]
[Result "1-0"]
[WhiteElo "2057"]
[BlackElo "2097"]
[PlyCount "149"]
[EventDate "2010.12.03"]
[EventType "swiss"]
[EventRounds "7"]
[EventCountry "ESP"]
[Source "lmi"]
[SourceDate "2010.12.03"]

1. e4 e6 2. d3 d5 3. Qe2 Nc6 4. Nf3 dxe4 5. dxe4 e5 6. c3 Nf6 7. Qc2 Bd6 8. Be2
O-O 9. Bg5 Be6 10. Nbd2 Qe7 11. O-O h6 12. Bh4 Bg4 13. Nc4 Rad8 14. Ne3 Be6 15.
Rad1 g5 16. Nxg5 hxg5 17. Bxg5 Kh8 18. Nd5 Bxd5 19. exd5 Nb8 20. Qf5 Kg7 21.
Rd3 e4 22. Rh3 Rh8 23. Bh4 Rh6 24. Bg5 Rxh3 25. Qxh3 Rh8 26. Bh4 Nbd7 27. f4
Qe8 28. c4 Bc5+ 29. Kh1 Bd4 30. Qg3+ Kf8 31. Bg5 Nh5 32. Qe1 f6 33. g4 Ng7 34.
Bh4 f5 35. Bg5 b6 36. Qb4+ Nc5 37. Qd2 Bxb2 38. Qxb2 Qf7 39. Kg2 Rh7 40. Qd4
Ne8 41. gxf5 Nd6 42. f6 Qd7 43. f5 Qa4 44. f7 Qd7 45. Qf6 Nxf7 46. Rf4 Qd6 47.
h4 Qxf6 48. Bxf6 Nd6 49. Bg5 Kf7 50. Kh3 Nd3 51. Bxd3 exd3 52. Rd4 Nxf5 53.
Rxd3 Ke8 54. Rf3 Nd6 55. c5 bxc5 56. Ra3 Kd7 57. Rxa7 c4 58. Ra8 Nc8 59. Ra4
Nb6 60. Ra5 c3 61. Rc5 Kd6 62. Rxc3 Nxd5 63. Rc2 c6 64. Kg4 Rg7 65. Kf5 Rf7+
66. Kg6 Rf1 67. h5 Nf4+ 68. Bxf4+ Rxf4 69. Rh2 Ke6 70. Kg5 Rf1 71. h6 Rg1+ 72.
Kf4 Rg8 73. h7 Rh8 74. Ke4 c5 75. Kd3 1-0

[Event "5. Torneo Puente Foral 2010 - Open A"]
[Site "Pamplona ESP"]
[Date "2010.12.04"]
[Round "3.6"]
[White "Sanchez Romero, Miguel Angel"]
[Black "De Pablos Fernandez, Mariano"]
[Result "1/2-1/2"]
[WhiteElo "2241"]
[BlackElo "2085"]
[PlyCount "30"]
[EventDate "2010.12.03"]
[EventType "swiss"]
[EventRounds "7"]
[EventCountry "ESP"]
[Source "lmi"]
[SourceDate "2010.12.03"]

1. b3 d5 2. Bb2 c5 3. f4 Nc6 4. Nf3 e6 5. e3 Nf6 6. Bb5 Bd7 7. O-O a6 8. Bxc6
Bxc6 9. Ne5 Be7 10. d3 O-O 11. Nd2 Rc8 12. Ndf3 b5 13. Nxc6 Rxc6 14. Ne5 Rc7
15. Rf3 Re8 1/2-1/2

[Event "5. Torneo Puente Foral 2010 - Open A"]
[Site "Pamplona ESP"]
[Date "2010.12.04"]
[Round "3.7"]
[White "Mayans Calvo, Mariano"]
[Black "Angeleri Rodrigo, Norberto"]
[Result "0-1"]
[WhiteElo "2225"]
[BlackElo "2047"]
[PlyCount "85"]
[EventDate "2010.12.03"]
[EventType "swiss"]
[EventRounds "7"]
[EventCountry "ESP"]
[Source "lmi"]
[SourceDate "2010.12.03"]

1. c4 Nf6 2. Nf3 g6 3. g3 Bg7 4. Bg2 O-O 5. O-O d6 6. Nc3 Nbd7 7. d4 e5 8. Rb1
c6 9. b4 e4 10. Ng5 d5 11. b5 Nb6 12. bxc6 bxc6 13. cxd5 cxd5 14. f3 Ba6 15.
Re1 h6 16. Nh3 exf3 17. exf3 Rc8 18. Na4 Nxa4 19. Qxa4 Bd3 20. Rb7 Re8 21.
Rxe8+ Qxe8 22. Qxe8+ Rxe8 23. Bd2 Re2 24. Bc3 Rxa2 25. Nf4 Bc4 26. h4 Rc2 27.
Ba5 Nh5 28. Nxh5 Bxd4+ 29. Kh2 gxh5 30. Kh3 Rb2 31. Rd7 Rb5 32. Bd2 Kg7 33. f4
a5 34. Rd8 a4 35. Ra8 Rb2 36. Bc1 Rc2 37. Ba3 Bb3 38. Bf8+ Kh7 39. Ra5 Bg1 40.
f5 Bc4 41. g4 Rc3+ 42. Bf3 Rxf3+ 43. Kg2 0-1

[Event "5. Torneo Puente Foral 2010 - Open A"]
[Site "Pamplona ESP"]
[Date "2010.12.05"]
[Round "4.1"]
[White "Jimenez Almeida, Luis David"]
[Black "Saenz Narciso, Miguel Angel"]
[Result "0-1"]
[WhiteElo "1933"]
[BlackElo "2175"]
[PlyCount "52"]
[EventDate "2010.12.03"]
[EventType "swiss"]
[EventRounds "7"]
[EventCountry "ESP"]
[Source "lmi"]
[SourceDate "2010.12.03"]

1. e4 g6 2. Nc3 Bg7 3. g3 a6 4. a4 b6 5. Bg2 Bb7 6. Nge2 e6 7. O-O Ne7 8. Re1
O-O 9. d4 d6 10. f4 Nd7 11. Be3 d5 12. g4 Nf6 13. Ng3 dxe4 14. Ncxe4 Nfd5 15.
c3 Nxe3 16. Rxe3 Nd5 17. Rf3 f5 18. gxf5 exf5 19. Ng5 Nxf4 20. Rxf4 Qxg5 21.
Bxb7 Qxf4 22. Bxa8 Qe3+ 23. Kf1 Rxa8 24. Qb3+ Kh8 25. Re1 Qf3+ 26. Kg1 Bxd4+
0-1

[Event "5. Torneo Puente Foral 2010 - Open A"]
[Site "Pamplona ESP"]
[Date "2010.12.05"]
[Round "4.2"]
[White "Cabrejos Tovar, Jose"]
[Black "Prats Rodriguez, Juan Bosco"]
[Result "1/2-1/2"]
[WhiteElo "2137"]
[BlackElo "2057"]
[PlyCount "127"]
[EventDate "2010.12.03"]
[EventType "swiss"]
[EventRounds "7"]
[EventCountry "ESP"]
[Source "lmi"]
[SourceDate "2010.12.03"]

1. e4 c5 2. Nf3 Nc6 3. d3 d5 4. Nbd2 e6 5. g3 Nf6 6. Bg2 Be7 7. O-O b6 8. Re1
Bb7 9. c3 Qc7 10. Nf1 d4 11. c4 e5 12. Nh4 O-O-O 13. a3 Kb8 14. Bd2 Nd7 15. Nf5
Bf8 16. Qa4 h5 17. b4 g6 18. Nh4 Be7 19. Nf3 Rdf8 20. b5 Nd8 21. Qc2 Ne6 22. a4
g5 23. Bc1 f5 24. exf5 Rxf5 25. N3d2 Bxg2 26. Kxg2 Qb7+ 27. Ne4 Rhf8 28. Kg1 g4
29. a5 Nf6 30. Qe2 Nxe4 31. Qxe4 Qxe4 32. Rxe4 Bg5 33. axb6 axb6 34. f4 gxf3
35. h4 Bxc1 36. Rxc1 f2+ 37. Kh2 Nc7 38. Rc2 Ne8 39. Ree2 Nf6 40. Rc1 Ng4+ 41.
Kh3 Rf3 42. Kg2 Rxd3 43. Ra1 Ne3+ 44. Nxe3 Rxe3 45. Rxf2 Rxf2+ 46. Kxf2 e4 47.
Rg1 Rc3 48. g4 Rc2+ 49. Kg3 hxg4 50. h5 Ra2 51. h6 Ra7 52. Kxg4 e3 53. Kf3 Rf7+
54. Ke4 Rh7 55. Rg8+ Kc7 56. Rg7+ Rxg7 57. hxg7 e2 58. g8=Q e1=Q+ 59. Kd5 Qh1+
60. Ke5 Qh2+ 61. Ke4 Qe2+ 62. Kd5 Qf3+ 63. Ke5 Qe3+ 64. Kd5 1/2-1/2

[Event "5. Torneo Puente Foral 2010 - Open A"]
[Site "Pamplona ESP"]
[Date "2010.12.05"]
[Round "4.3"]
[White "Ugalde Ezcurra, Jose Miguel"]
[Black "Rebole Arbea, Jose Ignacio"]
[Result "1-0"]
[WhiteElo "2184"]
[BlackElo "2211"]
[PlyCount "101"]
[EventDate "2010.12.03"]
[EventType "swiss"]
[EventRounds "7"]
[EventCountry "ESP"]
[Source "lmi"]
[SourceDate "2010.12.03"]

1. e4 c5 2. Nf3 Nc6 3. Bb5 a6 4. Bxc6 dxc6 5. d3 Qc7 6. Nbd2 e5 7. a4 a5 8. h3
Bd6 9. Nc4 Ne7 10. O-O Ng6 11. Be3 Nf8 12. Qd2 Ne6 13. Nh2 O-O 14. Kh1 Bd7 15.
Nf3 f6 16. Ng1 Kh8 17. Ne2 g5 18. Ng3 Nf4 19. Nf5 Be6 20. Kh2 Bxc4 21. dxc4
Rfd8 22. Qe1 Bf8 23. Rd1 Rxd1 24. Qxd1 Rd8 25. Qe1 Ne6 26. Qe2 Qf7 27. Rd1 Rxd1
28. Qxd1 Nd4 29. Bxd4 cxd4 30. b3 b6 31. Qf3 Qg6 32. Ng3 Kg8 33. Qg4 Qe8 34.
Qf5 Bg7 35. Ne2 b5 36. cxb5 cxb5 37. axb5 Qxb5 38. Qc8+ Kf7 39. Ng3 Bf8 40. Nf5
a4 41. bxa4 Qxa4 42. Qb7+ Kg6 43. Qd5 Bg7 44. Qb7 Bf8 45. Qc8 Kf7 46. Qc7+ Kg8
47. Qd8 Qa6 48. Qd5+ Kh8 49. Qf7 Qc8 50. Qxf6+ Kg8 51. Qxe5 1-0

[Event "5. Torneo Puente Foral 2010 - Open A"]
[Site "Pamplona ESP"]
[Date "2010.12.05"]
[Round "4.4"]
[White "Urriza Iricibar, Pablo"]
[Black "Arnedo Ruiz, Alberto"]
[Result "0-1"]
[WhiteElo "1948"]
[BlackElo "1980"]
[PlyCount "115"]
[EventDate "2010.12.03"]
[EventType "swiss"]
[EventRounds "7"]
[EventCountry "ESP"]
[Source "lmi"]
[SourceDate "2010.12.03"]

1. e4 c6 2. d4 d5 3. exd5 cxd5 4. c4 Nf6 5. Nc3 e6 6. Nf3 Bb4 7. Bd2 O-O 8. Bd3
b6 9. a3 dxc4 10. Bxc4 Be7 11. O-O Bb7 12. Bf4 Bd5 13. Bd3 Nc6 14. Nxd5 Nxd5
15. Bg3 Bf6 16. Qa4 Nde7 17. Be4 Rc8 18. Be5 Qd7 19. Bxf6 gxf6 20. Rac1 Rfd8
21. Rfd1 f5 22. Bxc6 Nxc6 23. Kf1 Qd5 24. Qc4 Ne7 25. Qxd5 Nxd5 26. Ne5 Ne7 27.
Rxc8 Rxc8 28. Ke2 f6 29. Nf3 Kf7 30. Kd2 Nd5 31. g3 Ke7 32. Rc1 Rxc1 33. Kxc1
Kd6 34. Kd2 Ne7 35. Kc3 Kd5 36. b3 Nc6 37. Kd3 Na5 38. Kc3 Nb7 39. Nd2 Nd6 40.
a4 Ne4+ 41. Nxe4 fxe4 42. h4 f5 43. h5 h6 44. Kb4 Kxd4 45. Kb5 e5 46. b4 f4 47.
gxf4 exf4 48. Ka6 e3 49. fxe3+ fxe3 50. Kxa7 e2 51. Kxb6 e1=Q 52. b5 Qe6+ 53.
Kb7 Qc4 54. b6 Qxa4 55. Kb8 Qe8+ 56. Ka7 Qxh5 57. b7 Qf7 58. Ka6 0-1

[Event "5. Torneo Puente Foral 2010 - Open A"]
[Site "Pamplona ESP"]
[Date "2010.12.05"]
[Round "4.5"]
[White "Angeleri Rodrigo, Norberto"]
[Black "Leranoz Zabalza, Adrian"]
[Result "1-0"]
[WhiteElo "2047"]
[BlackElo "2067"]
[PlyCount "39"]
[EventDate "2010.12.03"]
[EventType "swiss"]
[EventRounds "7"]
[EventCountry "ESP"]
[Source "lmi"]
[SourceDate "2010.12.03"]

1. e4 c5 2. Nf3 Nc6 3. Nc3 g6 4. Bb5 Bg7 5. Bxc6 dxc6 6. h3 Nf6 7. d3 O-O 8. e5
Nd5 9. Ne4 Bf5 10. Ng3 Be6 11. O-O Qd7 12. Qe2 Rad8 13. Bd2 Nb4 14. Be3 b6 15.
a3 Nd5 16. Bd2 h6 17. Rae1 Kh7 18. Qe4 f5 19. exf6 Bf5 20. fxg7 1-0